Medizin-Quiz 8 - Statistiken

Allgemein
  • Dieses Quiz wurde 518 mal gespielt
  • Das Durchschnittsergebnis liegt bei 10 aus 15
Antwortstatistiken
Beschreibung Begriff % Korrekt
Wie werden Menschen genannt, die sich im Mutterleib nicht voneinander getrennt haben, sondern miteinander verwachsen sind? Siamesische Zwillinge
92%
Schutzhülle für den sich in der Gebärmutter befindlichen Embryo/Fötus, platzt für gewöhnlich beim Einsetzen der Wehen Fruchtblase
87%
meist spiralig gedrehter Strang als Verbindung zwischen dem Fötus und der Plazenta, durch die Gefäße des Strangs werden Nährstoffe zum werdenden Säugling transportiert Nabelschnur
85%
Effekt, der nach Einnahme von Scheinmedikamenten, die keinen Wirkstoff enthalten, auftreten kann Placebo
81%
Parasit, dessen Biss Borreliose auslösen kann Zecke
81%
gutartige, meist bräunlich pigmentierte Hautfehlbildung, die bei fast allen Menschen mehrfach vorkommt, im Fachjargon auch Nävus genannt Muttermal
76%
Entzündung der Leber durch Infektionen oder chronische Gifteinwirkung, Arten von A bis E, Übertragung durch: verunreinigtes Trinkwasser, Geschlechtsverkehr..... Hepatitis
73%
dieser entsteht, wenn Ei- und Samenzelle verschmelzen, wird im erweiterten Stadium Fötus genannt Embryo
72%
Unvermögen, den Harn zurückzuhalten Inkontinenz
72%
Sehloch in der Mitte des Auges, durch welches das Licht das Augeninnere erreicht Pupille
72%
Bezeichnung für das Einführen eines Schlauches in die Luftröhre zur künstlichen Beatmung Intubation
62%
umgangssprachlich Schönheitschirurgie genannt Plastische Chirurgie
49%
Barriere des Hirns, die vor Krankheitserregern und Giftstoffen schützt Blut-Hirn-Schranke
38%
mit Verdacht auf.....werden häufig Menschen ins Krankenhaus eingeliefert, die von einem Hausbrand betroffen waren Rauchgasvergiftung
20%
Terminus für Impfung Vakzination
12%
Keine übereinstimmenden Quizze gefunden
Verteilung der Resultate
Anzahl Personen mit jedem Resultat
Perzentil nach korrekt beantworteten Fragen
Ihre Resultats-Entwicklung
Sie haben dieses Quiz noch nicht gespielt